000 01105nam a2200265 4500
999 _c346633
_d346633
003 BLK
005 20240420160656.0
008 191118b bu ||||| |||| 00| 0 bu d
020 _a9789542722946
040 _aBLK
041 _aBUL
_cBUL
080 _aАнглийска литература
_b821.111
_x-311.9
_z821.111-311.9
100 _aРийв, Филип
_eпърви автор
_91299
139 _aРийв, Филип
_bР 60
245 _aМрачна равнина
_cФилип Рийв ; прев. от англ. ез. Десислава Недялкова
257 _aBGR
260 _9209434
_aСофия
_bЕгмонт България
_c2019
_f(София : Инвестпрес)
_n978-954-27- ; 954-446-
300 _a559 с.
_c21 см
380 _aX
500 _aОриг. загл.: Darkling plain / Philip Reeve. - Кн. 4 от поредицата "Смъртоносни машини"
700 _91021
_aНедялкова, Десислава Благоева
_eпрев. от англ.
852 _aЦб 297300
_bЦб
942 _2udc
_cKNG
_n0
_s1
_03
999 _d346633
944 _k30546
_lРенета Константинова